000 00662nam a2200181 i 4500
001 23683
003 ES-MaACL
005 20230906152921.0
007 t|
008 021211s1963 ag f |||| |dspa d
100 1 _aAmeghino, Florentino.
_921187
245 1 0 _aBreve antología /
_cFlorentino Ameghino ; reseña biográfica y selección de textos de Tomás Alva Negri.
260 _aBuenos Aires :
_bMinisterio de Relaciones Exteriores y Culto, Dirección General de Relaciones Culturales,
_c1963.
300 _a85 p., 1 lám. ;
_c23 cm.
650 0 4 _aPaleontología-
_zArgentina.
_9139178
700 1 _aAlva Negri, Tomás.
_920576
852 _aES-MaACL
_jC-25381
999 _c23683
_d23683